| 000 | 00817nam a22002537a 4500 | ||
|---|---|---|---|
| 003 | URS | ||
| 005 | 20260415094802.0 | ||
| 008 | 260204b |||||||| |||| 00| 0 eng d | ||
| 020 | _a978-621-02-2005-6 | ||
| 040 | _cURS | ||
| 050 | 0 | 0 |
_aLB 14.7 _b.H429 2023 |
| 100 | 1 |
_aHermosa, Jherwin P. _eAuthor |
|
| 245 | 1 | 0 |
_aPhilosophy of Education / _cHermosa, Jherwin P., Eden C. Callo, Edilberto Z. Andal. |
| 264 | 1 |
_aQuezon City : _bCentral Book Supply, Inc., _c2023. |
|
| 300 |
_axvi, 178 pages : _billustrations ; _c23cm. |
||
| 336 |
_2rdacontent _atext |
||
| 337 |
_2rdamedia _aunmediated |
||
| 338 |
_2rdacarrier _avolume |
||
| 504 | _aIt includes bibliographical references. | ||
| 650 |
_aEducation _vPhilosophy. |
||
| 700 |
_aCallo, Eden C. _eAuthor |
||
| 700 |
_aAndal, Edilberto Z. _eAuthor |
||
| 942 |
_2lcc _cF |
||
| 999 |
_c89214 _d89211 |
||